000 00816nam a22001337a 4500
040 _cRUA
082 _aAED PAL 2016 B650 Or.1
100 _aPALL SONITA ប៉ាល់ សុនីតា
245 _athe process on funtion of association rice bank management of farmer in pouy cha commune phnom penh srok district, banteay meanchey province ដំណើការគ្រប់គ្រងសមាគមធនាគារស្រូវរបស់ប្រជាកសិករនៅក្នុងឃុំ​ប៉ោងចារ​ ស្រុកភ្នំស្រុក ខេត្តបន្ទាយមានជ័យ
260 _aRUA
_bPhnom penh
_c2016
300 _ax;40p
_bill;
_c29cm
856 _uhttps://drive.google.com/file/d/1gSe1y-NHJWDEjDOJ-utIHxiiiePncpmD/view?usp=sharing
942 _cAED
999 _c18413
_d18413